000 00631nam a2200241Ia 4500
003 OSt
005 20220928105228.0
006 a|||||r|||| 00| 0
007 ta
008 220927b |||||||| |||| 00| 0 eng d
024 _a67639
037 _cTextual
040 _aSDCL
_cSDCL
_beng
041 _2eng
_aeng
082 _aX:8F, P3
100 _aAgarwal NP Ed.
_9414378
245 0 _aContemporary issues in accounting.
260 _aJaipur
_bRBSA
_c2003
300 _a341p
_ccm.
700 _a Jain SC Ed.
_9414379
942 _hX:8F, P3
_cTEXL
_2CC
999 _c730212
_d730212